Normal view
MARC view
Entry Nome pessoal
001 - NÚMERO DE CONTROLE
- campo de controle: 44
003 - IDENTIFICADOR DO NÚMERO DE CONTROLE
- campo de controle: BR-RjBN
005 - DATA E HORÁRIO DA ÚLTIMA TRANSAÇÃO
- campo de controle: 20250121081735.0
008 - CAMPO DE DADOS FIXOS
- campo de controle de tamanho fixo: 011106 acnacab n a aaa
024 7# - OUTRO IDENTIFICADOR PADRÃO
- Número padrão ou código: http://viaf.org/viaf/100114026
- Fonte: VIAF
024 7# - OUTRO IDENTIFICADOR PADRÃO
- Número padrão ou código: http://id.loc.gov/authorities/names/n86144797
- Fonte: LCCN
035 ## - NÚMERO DE CONTROLE DO SISTEMA
- Número de Controle do Sistema: 2001110614575313med
040 ## - FONTE DA CATALOGAÇÃO
- Instituição da catalogação original: BR-RjBN
- Idioma da catalogação: por
100 1# - CABEÇALHO--NOME PESSOAL
- Nome pessoal: Almond, David,
- Datas associadas ao nome: 1951-
670 ## - FONTE POSITIVA DOS DADOS
- Citação da fonte positiva dos dados: Autor de: Skellig. 2001.
- Dados encontrados na fonte localizada no subcampo: (nasceu na Inglaterra; cursou a Universidade de East Anglia e a Politécnica de Newcastle; trabalhou como professor primário, secundário e de excepcionais; foi editor por 5 anos da Revista literária Panurge)
670 ## - FONTE POSITIVA DOS DADOS
- Citação da fonte positiva dos dados: LC name auth. 87/97
- Dados encontrados na fonte localizada no subcampo: (d.n.)
670 ## - FONTE POSITIVA DOS DADOS
- Citação da fonte positiva dos dados: LC on line obras
- Dados encontrados na fonte localizada no subcampo: (d.n.)
670 ## - FONTE POSITIVA DOS DADOS
- Citação da fonte positiva dos dados: https://en.wikipedia.org/wiki/David_Almond 30/06/2020
- Dados encontrados na fonte localizada no subcampo: (nasceu em em 15 de maio de 1951 ; autor britânico que escreveu vários romances para crianças e jovens adultos)
670 ## - FONTE POSITIVA DOS DADOS
- Citação da fonte positiva dos dados: https://catalogue.bnf.fr/ark:/12148/cb135469126 30/06/2020
- Dados encontrados na fonte localizada no subcampo: (d.n. ; autor de livros infantis)
675 ## - FONTE NEGATIVA DOS DADOS
- Citação da fonte positiva dos dados: LC name auth. 98/00